000 00823nam a22002417a 4500
005 20170124110222.0
010 _aA-991966
020 _c00.00
_a817075058
035 _aA-991966
037 _bCen Lib/Ret
040 _aDPL
_bEN
082 _a658.4038
_bGAU
100 _a Gautam, Vinayshil
_922170
245 _aInformation systems, organisations and comparative management /
_cby Vinayshil Gautam
260 _aNew Delhi
_bHindustan Publishing Corporation
_c2000
270 _bNew Delhi
_a4805/24, bharat ram road, dariya ganj
_e110002
300 _axxi, 147p.
_c21cm(Hb)
490 _aResearches in management in asia series
500 _aIncludes bibliographical references
650 _aManagement
_93072
650 _aInformation systems
_91189
942 _2ddc
_cEN
_h658.4038
_mGAU
999 _c134181
_d134181